00726cam a22002177a 4500003000500000005001700005008004100022010001000063011001000073035001000083040000900093100003900102245012000141260006400261300001000325490004000335650002700375650002400402700004200426830004000468CHAP20220329140847.0971013s1994 r 00010 d a58815 a59787 a63947 cCHAP00aAlcérreca Sánchez, Víctor M. 0aCalidad del aire en la Ciudad de Méxicob: un proyecto internacional de investigación con resultados aplicables aMéxico, D. F. :bAcademia Mexicana de Ingeniería,c1994 a46 p. 0aCiclo de Conferencias Magisteriales14aAirexContaminación.14aAirexPurificacion.0 aGuzmán López-Figueroa, Francisco.0 aCiclo de Conferencias Magisteriales